Normal view
MARC view
- García Martínez, José Guadalupe
Entry Nombre Personal
001 - NUMERO DE CONTROL
- campo de control: 47876
003 - IDENTIFICADOR DE NUMERO DE CONTROL
- campo de control: UPN
005 - FECHA Y HORA DE LA ÜLTIMA TRANSACCIÓN
- campo de control: 20230302090723.0
008 - DATOS DE LONGITUD FIJA
- campo de control de longitud fija: 230222|| aca||aabn | a|a d
040 ## - FUENTE DE CATALOGACIÓN
- Agencia original de catalogación: MX-MxUPN
- Lenguaje de catalogación: spa
- Agencia de transcripción: MX-MxUPN
100 1# - ENCABEZAMIENTO - NOMBRE PERSONAL
- Nombre personal: García Martínez, José Guadalupe
400 1# - VEÁSE - NOMBRE DE PERSONA
- Personal name: Martínez, José Guadalupe García
400 1# - VEÁSE - NOMBRE DE PERSONA
- Personal name: García Martínez, José G.
400 1# - VEÁSE - NOMBRE DE PERSONA
- Personal name: Martínez, José G. García
670 ## - FUENTE EN LA QUE SE LOCALIZARON DATOS
- Cita de la fuente: Métodos e investigación administrativa, 2001:
- Información localizada: portada (José G. García Martínez) cubierta página 4 (prof. at IPN [Instituto Politécnico Nacional, México])
670 ## - FUENTE EN LA QUE SE LOCALIZARON DATOS
- Cita de la fuente: En la obra: Fundamentos de administración, 2020:
- Información localizada: cubierta (José Guadalupe García Martínez)
902 ## - CATALOGADOR
- Catalogador: NDAF/020323
